Detalles MARC
| 000 -CABECERA |
| campo de control de longitud fija |
01258nam a2200265 i 4500 |
| 001 - NÚMERO DE CONTROL |
| campo de control |
000014196 |
| 003 - IDENTIFICADOR DEL NÚMERO DE CONTROL |
| campo de control |
DO-SdBNP |
| 005 - FECHA Y HORA DE LA ÚLTIMA TRANSACCIÓN |
| campo de control |
20231024091846.0 |
| 007 - CAMPO FIJO DE DESCRIPCIÓN FÍSICA--INFORMACIÓN GENERAL |
| campo de control de longitud fija |
ta |
| 008 - DATOS DE LONGITUD FIJA--INFORMACIÓN GENERAL |
| campo de control de longitud fija |
091207s1977 dr a 000 0 spa d |
| 040 ## - FUENTE DE LA CATALOGACIÓN |
| Centro catalogador/agencia de origen |
DO-SdBNP |
| Lengua de catalogación |
spa |
| Centro/agencia transcriptor |
BNPHU |
| Normas de descripción |
rda |
| 082 ## - NÚMERO DE LA CLASIFICACIÓN DECIMAL DEWEY |
| Número de clasificación |
658.80963 |
| Número de documento/Ítem |
R426d |
| Número de edición |
22 |
| 110 1# - ENTRADA PRINCIPAL--NOMBRE DE ENTIDAD CORPORATIVA |
| Nombre de entidad corporativa o nombre de jurisdicción como elemento de entrada |
República Dominicana |
| Unidad subordinada |
Secretaría de Estado de Agricultuta |
| -- |
Secretaría Técnica de Planificación Sectorial Agropecuaria |
| 9 (RLIN) |
32073 |
| 245 10 - MENCIÓN DE TÍTULO |
| Título |
Diagnóstico del sistema de mercadeo agricola en República Dominicana 1977 |
| 264 ## - PRODUCCIÓN, PUBLICACIÓN, DISTRIBUCIÓN, FABRICACIÓN Y COPYRIGHT |
| Producción, publicación, distribución, fabricación y copyright |
Santo Domingo : |
| Nombre del de productor, editor, distribuidor, fabricante |
Secretaría de Estado de Agricultura, |
| Fecha de producción, publicación, distribución, fabricación o copyright |
1977. |
| 300 ## - DESCRIPCIÓN FÍSICA |
| Extensión |
313 p. : |
| Otras características físicas |
il. ; |
| Dimensiones |
29 cm. |
| 336 ## - TIPO DE CONTENIDO |
| Fuente |
rdacontent |
| Término de tipo de contenido |
texto |
| Código de tipo de contenido |
txt |
| 337 ## - TIPO DE MEDIO |
| Fuente |
rdamedia |
| Nombre/término del tipo de medio |
sin mediación |
| Código del tipo de medio |
n |
| 338 ## - TIPO DE SOPORTE |
| Fuente |
rdacarrier |
| Nombre/término del tipo de soporte |
volumen |
| Código del tipo de soporte |
nc |
| 500 ## - NOTA GENERAL |
| Nota general |
Incluye notas al pie de las páginas |
| 505 ## - NOTA DE CONTENIDO CON FORMATO |
| Nota de contenido con formato |
Prefacio 7 -- Capitulo I. 9 -- Algunas Referencias sobre el sector Agropecuario 11 -- Capitulo II. 15 -- Caracterización del Acopio Rural 17 -- Capitulo III. 25 -- La Distribución de Alimentos 27 -- Capitulo IV. 59 -- Servicio de Mercadeo 61 -- Capitulo V. 75 -- Comercialización por productos 77 -- Capitulo VI 263 -- Conclusiones 263 -- Anexos 269 |
| 590 ## - NOTA LOCAL (RLIN) |
| Nota local |
Inventariado, 2023/DG |
| 910 ## - DATOS DE OPCIÓN DEL USUARIO (OCLC) |
| Datos de opción del usuario |
DG |
| 942 ## - ELEMENTOS DE PUNTO DE ACCESO ADICIONAL (KOHA) |
| Fuente del sistema de clasificación o colocación |
Dewey Decimal Classification |
| Tipo de ítem Koha |
Libro |